000 00443nab a2200145Ia 4500
003 ES-SlBCS
005 20210601125115.0
008 140529s1974 xxu||||| |||| 00| 0 eng d
041 _aeng
100 1 _aWalter, Edward
_9154084
245 0 0 _aCan There be Sensible Experience of God?
_c Edward Walter
650 0 4 _aExperiencia de Dios
_9112677
773 0 _tNew Scholasticism (The)
_gvol. 48, nº. 4, 1974, págs. 519-526
_wRev1674
942 _cAR
999 _c524827
_d524827